Catalog

Record Details

Catalog Search



Reise der Versöhnung : eine Jüdin entdeckt ein verändertes Deutschland  Cover Image Book Book

Reise der Versöhnung : eine Jüdin entdeckt ein verändertes Deutschland / Judith N. Levi ; Aus dem Englischen von Isabelle Wagner

Levi, Judith N. (Author). Wagner, Isabelle (Translator).

Record details

  • ISBN: 978-3-95565-144-2
  • Physical Description: 286 Seiten : Illustrationen ; 23 cm
  • Edition: 1. Auflage
  • Publisher: Berlin : Hentrich & Hentrich, 2016

Available copies

  • 1 of 1 copy available at Common Catalog SPOK.

Holds

  • 0 current holds with 1 total copy.
Show Only Available Copies
Location Call Number / Copy Notes Barcode Shelving Location Status Due Date
Terezin Initiative Institute 6535 4594306535 Knihovna ITI Available -

LDR 04489nam a2201009 i 4500
00148553
003CZ-PrJAB
00520221109110239.0
008160120s2016 gw 000 0 ger d
020 . ‡a978-3-95565-144-2
0243 . ‡a9783955651442
035 . ‡a(DE-601)846171546
035 . ‡a(OCoLC)934811850
035 . ‡a(DE-101)1080833951
035 . ‡a(OCoLC)934811850
035 . ‡a(DE-599)DNB1080833951
040 . ‡aGBVCP ‡bger ‡cGBVCP ‡dABE340 ‡erda
0411 . ‡ager ‡heng
1001 . ‡aLevi, Judith N.
24510. ‡aReise der Versöhnung : ‡beine Jüdin entdeckt ein verändertes Deutschland / ‡cJudith N. Levi ; Aus dem Englischen von Isabelle Wagner
250 . ‡a1. Auflage
264 1. ‡aBerlin : ‡bHentrich & Hentrich, ‡c2016
300 . ‡a286 Seiten : ‡bIllustrationen ; ‡c23 cm
336 . ‡atext ‡btxt ‡2rdacontent
337 . ‡abez média ‡bn ‡2rdamedia
338 . ‡asvazek ‡bnc ‡2rdacarrier
7001 . ‡aWagner, Isabelle ‡4trl
910 . ‡aABE340 ‡b6535
995 . ‡aska
901 . ‡a48553 ‡b ‡c48553 ‡tbiblio

Additional Resources